Délmagyarország. - 1951. április 26., Csütörtök
Elmentve itt :
| Dokumentumtípus: | Újság |
|---|---|
| Megjelent: |
1951-04-26
|
| Sorozat: | Délmagyarország
7 No. 96 |
| Online Access: | http://dmarchiv.bibl.u-szeged.hu/12221 |
| LEADER | 00493nas a2200145 i 4500 | ||
|---|---|---|---|
| 001 | delm12221 | ||
| 005 | 20200414160429.0 | ||
| 008 | 171214s1951 hu n o 0|| hun d | ||
| 022 | |a 0133-025X | ||
| 040 | |a SZTE Délmagyarország Archívum |b hun | ||
| 041 | |a hun | ||
| 245 | 0 | 0 | |a Délmagyarország. - 1951. április 26., Csütörtök |h [elektronikus dokumentum] |
| 260 | |c 1951-04-26 | ||
| 490 | 0 | |a Délmagyarország |v 7 No. 96 | |
| 856 | 4 | 0 | |u http://dmarchiv.bibl.u-szeged.hu/12221/1/dm_1951_096.pdf |z Dokumentum-elérés |